000
00360nam a2200157Ia 4500
003
0STCL
008
150530s9999 xx 000 0 und d
040
_a
STCL
_c
STCL
100
_a
Berman,H.J Ed.
245
_a
Talks on American Law
260
_b
Voice of America
_c
1972
546
_a
English
942
_2
ddc
_c
BK
999
_c
13939
_d
13939
005
20220125165703.0